Redacción de publicaciones técnicas agropecuarias : conceptos sobre traducciones /
Guardado en:
| Autor Principal: | |
|---|---|
| Formato: | Libro |
| Idioma: | Spanish |
| Publicado: |
[Presidencia Roque Sáenz Peña :
INTA,
1995?]
|
| Etiquetas: |
Agregar Etiqueta
Sin Etiquetas, Sea el primero en etiquetar este registro!
|
| LEADER | 00531nam a22001575a 4500 | ||
|---|---|---|---|
| 001 | EEA.libagro005234 | ||
| 005 | 20180928105332.0 | ||
| 008 | 130809s1995####ag############000#0#spa#d | ||
| 082 | 0 | 4 | |a 808.066 |
| 082 | 0 | 4 | |a 630.149 |
| 082 | 0 | 4 | |a 418.02 |
| 100 | 1 | |a Puig, Raúl César. | |
| 245 | 1 | 0 | |a Redacción de publicaciones técnicas agropecuarias : |b conceptos sobre traducciones / |c Raúl César Puig. |
| 260 | |a [Presidencia Roque Sáenz Peña : |b INTA, |c 1995?] | ||
| 300 | |a 18 h. ; |c 28 cm. | ||
| 859 | |a AR-BbBCA |b BIB. AGRONOMIA |h 808.066 |i P979 |p 1996/2505 | ||
